000 00383nam a2200157 i 4500
001 bg
100 1 _aŻUREK, W.
245 0 _aStruktura płaskich wyrobów włókienniczych /
_cW. Żurek, K. Kopias.
250 _aWyd.2 zmien.
260 _aWarszawa,
_c1983.
700 1 _aKOPIAS, K.
040 _cBPK
041 _apol
942 _cKS
008 s pl f |000 0 pol
999 _c3519
_d3519
856 _uhttp://koha.tu.koszalin.pl/cgi-bin/koha/opac-detail.pl?biblionumber=3519
_yKatalog online BPK